00737nam a2200205 i 450000100060000000300090000600500170001500700030003200800410003502000180007624500910009425000120018526000490019730000220024650400280026870000370029685200330033399900170036695201480038325670ES-MaACL20230906153318.0t|030102s1983 sp ||||1| spa d a84-500-4766-800aArchivística b: estudios básicos / c[introducción de Antonia Heredia Herrera]. a2ª ed. aSevilla : bDiputación Provincial, c1983. a256 p. ; c22 cm. aBibliografía. Indice.1 aHeredia Herrera, Antonia.962696 aES-MaACLjL-10513 bR.112445 c25670d25670 00102udc40708Biblioteca_profesional aATENEOMbATENEOMcDEPO2d2008-01-17l0oL-10513p1026473r2023-02-23 00:00:00w2023-02-23yMONOGRAFIA